A chance to learn: knowledge and finance for education in Sub-Saharan Africa (Record no. 284883)

000 -LEADER
fixed length control field 00519cam a22001457a 4500
008 - FIXED-LENGTH DATA ELEMENTS--GENERAL INFORMATION
fixed length control field 180718b2001 xxu||||| |||| 00| 0 eng d
020 ## - INTERNATIONAL STANDARD BOOK NUMBER
International Standard Book Number 0821349074
082 ## - DEWEY DECIMAL CLASSIFICATION NUMBER
Classification number P04x67 C36
245 ## - TITLE STATEMENT
Title A chance to learn: knowledge and finance for education in Sub-Saharan Africa
260 ## - PUBLICATION, DISTRIBUTION, ETC.
Place of publication, distribution, etc. Washington, D.C.
Name of publisher, distributor, etc. World Bank
Date of publication, distribution, etc. 2001
300 ## - PHYSICAL DESCRIPTION
Extent 86p.
440 ## - SERIES STATEMENT/ADDED ENTRY--TITLE
Title Africa region human development series
650 ## - SUBJECT ADDED ENTRY--TOPICAL TERM
Topical term or geographic name entry element Education and state - Sub-Saharan Africa
650 ## - SUBJECT ADDED ENTRY--TOPICAL TERM
Topical term or geographic name entry element Education - Finance - Law and legislation - Sub-Saharan Africa
Holdings
Withdrawn status Lost status Damaged status Not for loan Permanent Location Current Location Date acquired Full call number Barcode Date last seen Price effective from Koha item type
        Indian Institute of Public Administration Indian Institute of Public Administration 2001-06-12 P04x67 C36 WB8740 2018-07-20 2018-07-20 WB

Powered by Koha